Zufällige Länder 8# - Statistiken

Allgemein
  • Dieses Quiz wurde 63 mal gespielt
  • Das Durchschnittsergebnis liegt bei 12 aus 15
Antworten auf der Karte
Die Antworten werden auf der Karte rot bzw. grün angezeigt, abhängig davon wie oft sie richtig erraten wurden.
 
Antwortstatistiken
Antwort % Korrekt
Angola
96%
Äthiopien
96%
Föderierte staaten von mikronesien
94%
Venezuela
90%
Mexiko
88%
Tonga
84%
Kamerun
78%
Guinea Bissau
74%
Marokko
74%
Slowenien
74%
Bahamas
72%
Kap verde
72%
Liberia
72%
Myanmar
72%
Luxemburg
66%
Keine übereinstimmenden Quizze gefunden
Verteilung der Resultate
Anzahl Personen mit jedem Resultat
Perzentil nach korrekt beantworteten Fragen
Ihre Resultats-Entwicklung
Sie haben dieses Quiz noch nicht gespielt